000 00300nam a22001337a 4500
008 170703b xxu||||| |||| 00| 0 eng d
020 _a0393017044
041 _aeng
080 _a82
100 _a22
101 _aGJL
245 _aTHE LAND AND LITERATURE OF ENGLAND
_cADAMS, R.M
942 _2udc
_cBK
999 _c19873
_d19873